Zdanenie práce v SR – stav a riziká bakalárska práca

Enregistré dans:
Détails bibliographiques
Auteur principal: Brisudová, Zuzana
Collectivité auteur: Národohospodárska fakulta EU. Katedra financií
Autres auteurs: Geško, Martin
Format: Livre
Langue:slovaque
Publié: Bratislava 2016
Tags: Ajouter un tag
Pas de tags, Soyez le premier à ajouter un tag!

MARC

LEADER 00000nbm a2200000 4500
001 0219908
005 20161221093220.1
041 0 |a slo 
044 |a SK 
245 1 0 |a Zdanenie práce v SR – stav a riziká  |b bakalárska práca  |c Zuzana Brisudová ; školiteľ: Martin Geško 
264 1 |a Bratislava  |c 2016 
300 |a 50 s. 
100 1 |a Brisudová, Zuzana 
700 1 |a Geško, Martin 
710 2 |a Národohospodárska fakulta EU. Katedra financií